| 000 | 00897nam a2200205Ia 4500 | ||
|---|---|---|---|
| 003 | OSt | ||
| 005 | 20200716180732.0 | ||
| 008 | 191128s1959 sp fr 000 0 spa d | ||
| 040 |
_aCO-JMCR _cCO-JMCR |
||
| 041 | 0 | _aspa | |
| 082 | 0 | 4 |
_a338.98 / _bF954p _223 |
| 100 | 1 |
_aFuentes Irurozqui, Manuel, _eautor _97438 |
|
| 245 | 1 | 0 |
_aProblemas de la economía iberoaméricana / _cManuel Fuentes Irurozqui |
| 260 |
_aMadrid : _bCultura Hispánica, _c1959 |
||
| 300 |
_a109 páginas ; _c21 cm. |
||
| 505 | 0 | _aUnas palabras preliminares -- Geoeconómica de Iberoamérica -- El medio físico y su influencia -- El relieve y el suelo -- Tierras y mares | |
| 520 | 3 | _aDe extraordinaria importancia y más alto interés se conoce acerca de los diversos problemas económicos que tienen al presente planteados en el mundo. | |
| 650 | 1 | 4 |
_aEconomía iberoamericana _xproblemas sociales _97439 |
| 942 |
_2ddc _cBK |
||
| 999 |
_c3640 _d3640 |
||